00486nam a2200157Ia 450000500170000000800410001710000230005824500510008125000110013226000270014330000110017065000090018194200070019099900170019795201140021420260328104252.0260328s9999||||xx |||||||||||||| ||und|| aCruz Diez, Carlos  0aReflexiones sobre el Color /cCarlos Cruz Diez a1a ed. bFundación Juan March a159 p. aARTE cBK c10293d10293 001040708GENaGPCbGPCcGENd2026-03-28i4434l0o709 C 9573p4434r2026-03-28 15:42:52t1w2026-03-28yBK